000 00548nam a22001697a 4500
005 2012022506256.0
020 _a8122308848
_c195.00
035 _aB-147474
037 _aDPL
_bENG
100 _aMahajan, U. C.
_943002
245 _aLal kitab of astrology /
_cby U. C. Mahajan
250 _a2nd ed.
260 _aDelhi
_bPustak Mahal
_c2005
300 _a340p.
_c24 cms.
942 _2ddc
_cEN
_h133.5
_mMAH
999 _c63440
_d63440